20 anys d'Institut Cartogràfic de Catalunya
Publicado:
Barcelona :
Generalitat de Catalunya, Departament de Política Territorial i Obres Públiques, Institut Cartogràfic de Catalunya, DL 2002
Descripción Física:
11 p. : il., fot., map. ; 24 cm
MARC
| LEADER | 00000nam a2200000Ia 4500 | ||
|---|---|---|---|
| 001 | 15137 | ||
| 008 | 160829s9999 xx 000 0 cat d | ||
| 080 | |a FU-34-27 | ||
| 110 | 2 | |a Institut Cartogràfic de Catalunya |9 53041 | |
| 245 | |a 20 anys d'Institut Cartogràfic de Catalunya | ||
| 260 | |a Barcelona : |b Generalitat de Catalunya, Departament de Política Territorial i Obres Públiques, Institut Cartogràfic de Catalunya, DL 2002 | ||
| 300 | |a 11 p. : |b il., fot., map. ; |c 24 cm | ||
| 590 | |a Recull les activitats de l'ICC des de l'any 1982 a l'any 2002 | ||
| 650 | |a Institut Cartogràfic de Catalunya |x Història |9 24671 | ||
| 710 | |a Catalunya. |b Departament de Política Territorial i Obres Públiques |9 53042 | ||
| 901 | |a Arxiu | ||
| 942 | |n 1 | ||
| 952 | |0 0 |1 0 |4 0 |6 FU3427 |7 1 |9 43256 |a Arxiu |b Arxiu |d 2016-12-01 |l 0 |o FU-34-27 |p 15137 |r 2016-12-01 00:00:00 |w 2016-12-01 |y ARXIU | ||
| 999 | |c 45800 |d 45800 | ||